[Event "Andalucia-ch U10"]
[Site "Huelva"]
[Date "2014.04.26"]
[Round "5.7"]
[White "Herrera Salvador, Francisco Alej"]
[Black "Estevez Correa, Juan Miguel"]
[Result "1-0"]
[WhiteElo "1131"]
[BlackElo "1268"]
[PlyCount "51"]
[EventDate "2014.04.25"]
[EventType "swiss"]
[EventRounds "9"]
[EventCountry "ESP"]
[SourceTitle "EXT 2024"]
[Source "ChessBase"]
[SourceDate "2023.10.10"]
[SourceVersion "1"]
[SourceVersionDate "2023.10.10"]
[SourceQuality "1"]

1. e4 e6 2. d4 d5 3. Nc3 c5 4. exd5 exd5 5. dxc5 Bxc5 6. Qxd5 Qxd5 7. Nxd5 Bd6 8. c4 Nc6 9. c5 Be5 10. Nf3 Bb8 11. g3 Be6 12. Nf4 Bxf4 13. Bxf4 Nf6 14. Bg2 0-0 15. 0-0 Rad8 16. Bd6 Rfe8 17. Ng5 Bd5 18. Bxd5 Nxd5 19. Rad1 Nde7 20. Bxe7 Rxe7 21. Rxd8+ Nxd8 22. Rd1 Re8 23. Ne4 Nc6 24. Nd6 Rd8 25. Re1 g6 26. Nxb7 1-0